000 01188nmm a2200325 a 4500
001 ocm000785876
003 TR-IsHL
005 20201028143559.0
008 140417s2014 tu eng
007 cr cn
020 _a9781304935403
035 _a785876
_b(N$T)
050 0 4 _aPR3560.M55
_bP37 2014
090 0 4 _aPR3560.M55
_bP37 2014
100 1 _aMilton, John
245 1 0 _aParadise lost
_h[electronic resource] /
_cJohn Milton
260 _aİstanbul :
_bE-Kitap Projesi,
_c2014
300 _a263 p.
650 4 _aDil ve Edebiyat
650 4 _aLanguage and Literature
650 0 _aAdem (İncil figürü)
_x Şiir
650 0 _aAdam (Biblical figure)
_x Poetry
650 0 _aHavva (İncil figürü)
_x Şiir
650 0 _aEve (Biblical figure)
_x Poetry
650 0 _aİncil. Eski ahit. Yaratılış
_x Kitab-ı Mukaddes'e ait olayların tarihi
_x Şiir
650 0 _aBible. O.T. Genesis
_x History of Biblical events
_x Poetry
650 0 _aFall of man
_x Poetry
650 7 _aLITERARY COLLECTIONS / European / English, Irish, Scottish, Welsh
_2bisacsh
856 4 0 _uhttp://search.ebscohost.com/login.aspx?direct=true&scope=site&db=e011xww&AN=785876
999 _c8975
_d8975